000 00322nam a22001457a 4500
003 OSt
005 20160727222413.0
008 160624b xxu||||| |||| 00| 0 eng d
040 _cTEST
100 _91056
_aKenny, K
245 _aTrixie Belden
260 _aUSA
_bWESTERN
_c1980
300 _aTrixie Belden
942 _2ddc
_cBK
999 _c843
_d843